000 01972cam a2200169 4500500
005 20260412000104.0
041 _afre
042 _adc
100 1 0 _aLlantia, Camille
_eauthor
700 1 0 _ade Kernier, Nathalie
_eauthor
245 0 0 _aFantasías parricidas y acceso a la masculinidad: Reflexiones a partir del caso de un adolescente con tendencias suicidas
260 _c2026.
500 _a30
520 _aEste artículo analiza las cuestiones que plantea la aparición de fantasías parricidas en los adolescentes varones, con el fin de comprender el frecuente fracaso en su elaboración entre aquellos que recurren al acto suicida. Nuestro estudio de caso clínico forma parte de una investigación en curso que analiza la relación entre el género y el suicidio en la adolescencia. Se trata del caso de un adolescente que ha tenido varios intentos de suicidio en momentos de disociación y que está fuertemente invadido por fantasías parricidas. Analizamos los niveles de conflicto que plantean estos escenarios, a la luz de la dinámica identificatoria. Al situar el caso de este adolescente en el contexto de los estudios sobre el parricidio consumado y los procesos melancólicos en la adolescencia, se pone de relieve el callejón sin salida subjetivo que subyace al surgimiento de estas fantasías, tan invasivas que llegan a desencadenar un recurso al acto destructivo. El análisis de las entrevistas clínicas y de algunas respuestas del TAT (Test de Apercepción Temática) nos permite poner a prueba nuestras hipótesis en el ámbito clínico. La atención prestada a la dinámica de la sesión de restitución abre nuevas vías clínicas para acompañar a esta población especialmente vulnerable tras un intento de suicidio.
786 0 _nCahiers de psychologie clinique | 66 | 1 | 2026-03-12 | p. 257-272 | 1370-074X
856 4 1 _uhttps://shs.cairn.info/revista-cahiers-de-psychologie-clinique-2026-1-page-257?lang=es&redirect-ssocas=7080
999 _c2209107
_d2209107